Árváltozások érvényesítésének módszerei a vállalkozási árakban, ártrendek.

Stanovenie podnikateľských cien v podmienkach inflácie. Časový rozdiel medzi objednávkou a dodávkou prináša inflačné zmeny v cenách. Riziká pre podnikateľa. Metódy dodatočného využitia cenových zmien. Prognózy vývoja cien, výber prognózovacej metódy. Plánovanie prognostického modelu.

Saved in:
Bibliographic Details
Main Author: Takács, N.
Format: Book Chapter
Language:Hungarian
Subjects:
Tags: Add Tag
No Tags, Be the first to tag this record!

MARC

LEADER 00000naa a2200000 4500
001 r010450
005 20221125113442.0
041 0 |a hun 
044 |a HU 
245 1 0 |a Árváltozások érvényesítésének módszerei a vállalkozási árakban, ártrendek.  |c N. Takács 
520 |a Stanovenie podnikateľských cien v podmienkach inflácie. Časový rozdiel medzi objednávkou a dodávkou prináša inflačné zmeny v cenách. Riziká pre podnikateľa. Metódy dodatočného využitia cenových zmien. Prognózy vývoja cien, výber prognózovacej metódy. Plánovanie prognostického modelu. 
610 2 0 |a tvorba cien 
610 2 0 |a podnikanie súkromné 
610 2 0 |a podnikatelia 
610 2 0 |a riziko 
610 2 0 |a modely prognostické 
610 2 0 |a inflácia 
610 2 0 |a objednávky 
610 2 0 |a dodávky 
610 2 0 |a plánovanie 
100 1 |a Takács, N.